LIBRARY & INFORMATION CENTRE, KCAET, TAVANUR

ONLINE PUBLIC ACCESS CATALOGUE (OPAC)

Determination of subsurface stormflow using tracer method (Record no. 16307)

MARC details
000 -LEADER
fixed length control field 00437nam a22001337a 4500
003 - CONTROL NUMBER IDENTIFIER
control field OSt
082 ## - DEWEY DECIMAL CLASSIFICATION NUMBER
Classification number 631.7
Item number ADA/DE
100 ## - MAIN ENTRY--AUTHOR NAME
Personal name Adarsh, S. S
245 ## - TITLE STATEMENT
Title Determination of subsurface stormflow using tracer method
260 ## - PUBLICATION, DISTRIBUTION, ETC. (IMPRINT)
Place of publication Tavanur
Name of publisher Department of Soil and Water Conservation Engineering
Year of publication 2020
700 ## - ADDED ENTRY--PERSONAL NAME
Personal name Sathian, K. K
856 ## - ELECTRONIC LOCATION AND ACCESS
Uniform Resource Identifier https://drive.google.com/file/d/1H5_HBeF9NoUHi_ppqHt8JKNetzJMW-5R/view?usp=sharing
942 ## - ADDED ENTRY ELEMENTS (KOHA)
Koha item type Theses
Holdings
Collection code Home library Current library Shelving location Full call number Accession Number Koha item type Public note
General Books KAUAET KAUAET Reference 631.7 ADA/DE T 468 Theses M.Tech Thesis
free website counter